Role of NGOs for socio-economic development of rural areas through information and communication technology: (Record no. 19455)

MARC details
000 -LEADER
fixed length control field 00673nam a2200157Ia 4500
082 ## - DEWEY DECIMAL CLASSIFICATION NUMBER
Classification number RK 0237
100 ## - MAIN ENTRY--AUTHOR NAME
Personal name Kumudha, A.
245 #0 - TITLE STATEMENT
Title Role of NGOs for socio-economic development of rural areas through information and communication technology:
Sub Title an empirical study in Coimbatore District
260 ## - PUBLICATION, DISTRIBUTION, ETC. (IMPRINT)
Year of publication 2014
Name of publisher Indian Council of Social Science Research, New Delhi
300 ## - PHYSICAL DESCRIPTION
Number of Pages 218p
650 ## - SUBJECT ADDED ENTRY--TOPICAL TERM
Topical Term NGO
Geographic subdivision Coimbatore
-- Tamil Nadu
-- India
650 ## - SUBJECT ADDED ENTRY--TOPICAL TERM
Topical Term Socio-economic development
Geographic subdivision Coimbatore
-- Tamil Nadu
-- India
650 ## - SUBJECT ADDED ENTRY--TOPICAL TERM
Topical Term Rural development
Geographic subdivision Coimbatore
-- Tamil Nadu
-- India
650 ## - SUBJECT ADDED ENTRY--TOPICAL TERM
Topical Term Information and communication technology
Geographic subdivision Coimbatore
-- Tamil Nadu
-- India
942 ## - ADDED ENTRY ELEMENTS (KOHA)
Koha item type Research Reports
Source of classification or shelving scheme Dewey Decimal Classification
Holdings
Withdrawn status Lost status Damaged status Not for loan Collection code Home library Current library Date acquired Source of acquisition Full call number Accession Number Price effective from Koha item type
      Not For Loan ICSSR Research Project Reports NASSDOC Library NASSDOC Library 23/09/2017 Gifted by : RP Division, ICSSR RK 0237 49348 18/04/2019 Research Reports